Effect of plant spacing on chinese kale yields in crop station at royal university of agriculture, ឥទ្ធិពលចន្លោះគុម្ពលើទិន្នផលដំណាំខាត់ណាដើមនៅស្ថានីយ៍ពិសោធន៍ដំណាំនៃសាកលវិទ្យាល័យភូមិន្ទកសិកម្ម (Record no. 7795)
[ view plain ]
| 000 -LEADER | |
|---|---|
| fixed length control field | 00663nam a22001337a 4500 |
| 003 - CONTROL NUMBER IDENTIFIER | |
| control field | OSt |
| 005 - DATE AND TIME OF LATEST TRANSACTION | |
| control field | 20160324102325.0 |
| 008 - FIXED-LENGTH DATA ELEMENTS--GENERAL INFORMATION | |
| fixed length control field | 160324b xxu||||| |||| 00| 0 eng d |
| 040 ## - CATALOGING SOURCE | |
| Transcribing agency | RUA |
| 082 ## - DEWEY DECIMAL CLASSIFICATION NUMBER | |
| Classification number | AGR SEN 2005 B472 Or.1 |
| 245 ## - TITLE STATEMENT | |
| Title | Effect of plant spacing on chinese kale yields in crop station at royal university of agriculture, ឥទ្ធិពលចន្លោះគុម្ពលើទិន្នផលដំណាំខាត់ណាដើមនៅស្ថានីយ៍ពិសោធន៍ដំណាំនៃសាកលវិទ្យាល័យភូមិន្ទកសិកម្ម |
| 300 ## - PHYSICAL DESCRIPTION | |
| Extent | x,52p. |
| Other physical details | ill. |
| Dimensions | 29cm. |
| 942 ## - ADDED ENTRY ELEMENTS (KOHA) | |
| Source of classification or shelving scheme | |
| Koha item type | AGR |
| Price effective from | Date last seen | Permanent Location | Not for loan | Date acquired | Source of classification or shelving scheme | Koha item type | Lost status | Withdrawn status | Date last checked out | Total Checkouts | Shelving location | Damaged status | Barcode | Current Location | Full call number |
|---|---|---|---|---|---|---|---|---|---|---|---|---|---|---|---|
| 2016-03-24 | 2021-11-22 | Library Block B | 2016-03-24 | AGR | 2019-12-03 | 2 | B472 | RUA058146 | Library Block B | AGR SEN 2005 B472 Or.1 |